Rotordynamics prediction in engineering / (Record no. 164721)

MARC details
000 -LEADER
fixed length control field 00725pam a2200253 a 4500
008 - FIXED-LENGTH DATA ELEMENTS--GENERAL INFORMATION
fixed length control field
020 ## - INTERNATIONAL STANDARD BOOK NUMBER
International Standard Book Number 0471972886 (hbk.)
049 0# - LOCAL HOLDINGS (OCLC)
Holding library MAIN
090 ## - LOCALLY ASSIGNED LC-TYPE CALL NUMBER (OCLC); LOCAL CALL NUMBER (RLIN)
Classification number (OCLC) (R) ; Classification number, CALL (RLIN) (NR) TJ1058 LAL
003 - CONTROL NUMBER IDENTIFIER
control field
005 - DATE AND TIME OF LATEST TRANSACTION
control field 20230123134352.0
040 ## - CATALOGING SOURCE
Transcribing agency NUST
100 1# - MAIN ENTRY--PERSONAL NAME
Personal name Lalanne, M.
245 10 - TITLE STATEMENT
Title Rotordynamics prediction in engineering /
Statement of responsibility, etc. Michel Lalanne, Guy Ferraris.
250 ## - EDITION STATEMENT
Edition statement 2nd ed.
260 ## - PUBLICATION, DISTRIBUTION, ETC.
Place of publication, distribution, etc. Chichester :
Name of publisher, distributor, etc. John Wiley,
Date of publication, distribution, etc. 1998.
300 ## - PHYSICAL DESCRIPTION
Extent ix, 254 p. :
Other physical details ill. ;
Dimensions 24 cm.
504 ## - BIBLIOGRAPHY, ETC. NOTE
Bibliography, etc. note Includes bibliographical references.
500 ## - GENERAL NOTE
General note Includes index
650 #0 - SUBJECT ADDED ENTRY--TOPICAL TERM
Topical term or geographic name entry element Rotors
General subdivision Dynamics.
700 1# - ADDED ENTRY--PERSONAL NAME
Personal name Ferraris, Guy.
907 ## - LOCAL DATA ELEMENT G, LDG (RLIN)
a .b10230506
b 12-02-07
c 12-02-07
942 ## - ADDED ENTRY ELEMENTS (KOHA)
Koha item type Ordinary Loan Books
Call number prefix TJ1058 LAL
Holdings
Date last seen Total Checkouts Full call number Barcode Cost, replacement price Price effective from Koha item type Lost status Source of classification or shelving scheme Damaged status Not for loan Collection Withdrawn status Home library Current library Shelving location Date acquired Cost, normal purchase price
01/23/2023 1 TJ1058 LAL 92003017100 80.00 01/23/2023 BOOKS   LCC     NFIC   MAIN MAIN GEN 01/23/2023 80.00